• 首页
  • 本馆介绍
  • 公告通知
  • 最新文献
  • 馆藏检索
  • 电子资源
  • 读者导购
  • 参考咨询
  • 我的图书馆
  • 登录
  • 详细信息显示
  • 放入我的书架
  • 预约/预借图书
  • 作者相关作品
  • 分类相关作品
  • 丛书相关作品
  • 出版社相关作品

书目信息

  • 表格格式
  • 工作单格式
  • 卡片格式
题名:
走向交融
    
 
作者: 罗骞政 , 任建国 著
分册:  
出版信息: 北京   兵器工业出版社  2016.1
页数: 284页
开本: 23cm
丛书名:
单 册:
中图分类: N05
科图分类:
主题词: 科学技术--关系--政治--研究 , 科学技术 , 政治
电子资源:
ISBN: 978-7-80248-376-7
000 01019nam0 2200277 450
001 0400002973
005 20171021164910.0
010    @a978-7-80248-376-7@dCNY38.00
100    @a20100809e2016 em y0chiy50 ea
101 0  @achi
102    @aCN@b110000
105    @ay z 000yy
106    @ar
200 1  @a走向交融@9zou xiang jiao rong@e科技与政治互动关系@f罗骞政,任建国著
210    @a北京@c兵器工业出版社@d2016.1
215    @a284页@d23cm
330    @a本书从科技与政治的理论与现实关系出发,分层就国内、国际政治两个层面,论述了科技与政治文化、思想政治教育、公众参与、知识产权制度、政党执政、公共行政以及国际政治的分裂与交融,力图揭示大科学时代科技与政治良性互动的规律。
517 1  @a科技与政治互动关系@9ke ji yu zheng zhi hu dong guan xi
606 0  @a科学技术@x关系@x政治@x研究
606 0  @a科学技术
606 0  @a政治
690    @aN05@v4
701  0 @a罗骞政@9luo qian zheng@c(政史)@4著
701  0 @a任建国@9ren jian guo@c(教师)@4著
801  0 @aCN@b91MARC@c20171021
905    @b1021453-7@dN05@f5@e233
    
    走向交融:科技与政治互动关系/罗骞政,任建国著.-北京:兵器工业出版社,2016.1
    284页;23cm
    
    
    ISBN 978-7-80248-376-7:CNY38.00
    本书从科技与政治的理论与现实关系出发,分层就国内、国际政治两个层面,论述了科技与政治文化、思想政治教育、公众参与、知识产权制度、政党执政、公共行政以及国际政治的分裂与交融,力图揭示大科学时代科技与政治良性互动的规律。
●
相关链接 在E读中查询图书 在五车中查询图书 在当当中查询图书 在豆瓣中查询图书


正题名:走向交融     索取号:N05/233         预约/预借

序号 登录号 条形码 馆藏地/架位号 状态 备注
1 1021453   210214533   第二样本阅览室/ [索取号:N05/233] 在馆    
2 1021454   210214542   第三借阅区/ [索取号:N05/233] 在馆    
3 1021455   210214551   第三借阅区/ [索取号:N05/233] 在馆    
4 1021456   210214560   第三借阅区/ [索取号:N05/233] 在馆    
5 1021457   210214579   密集书库-物理学院/ [索取号:N05/233] 在馆    
唐山师范学院图书馆 欢迎您!
大连网信软件有限公司© 版权所有